Dictionary of marketing advertising and public relations

Αποθηκεύτηκε σε:
Λεπτομέρειες βιβλιογραφικής εγγραφής
Κύριος συγγραφέας: Jefkins, Frank William
Μορφή: Βιβλίο
Γλώσσα:English
Δημοσίευση: London : International Textbook Company, 1983
Έκδοση:2nd ed.
Θέματα:
Ετικέτες: Προσθήκη ετικέτας
Δεν υπάρχουν, Καταχωρήστε ετικέτα πρώτοι!

MARC

LEADER 00000nam a2200000 i 4500
001 1/35637
008 980305s1983 eng d
020 |a 0700202846 
035 |l 10024335 
040 |a GR-MY-UA  |b gre  |e aacr 
041 0 |a eng 
082 0 |a Π 658.8003 
100 1 |a Jefkins, Frank William. 
245 1 0 |a Dictionary of marketing advertising and public relations /  |c Frank Jefkins 
250 |a 2nd ed. 
260 |a London :   |b International Textbook Company,   |c 1983 
300 |a 311 p. 
650 0 0 |a Marketing  |x Dictionaries. 
852 |a INST  |b CHIOS  |e 19980305  |h 658.8003 JEF  |p 005200009793  |q 005200009793  |t REF  |y 23 
909 |a Χ  |b 002132